Εντα Γκάμπλερ : δράμα σε τέσσερις πράξεις
Saved in:
| Main Author: | |
|---|---|
| Other Authors: | |
| Format: | Book |
| Language: | Greek |
| Published: |
Αθήνα :
Γκοβόστης,
[198-]
|
| Subjects: | |
| Tags: |
Add Tag
No Tags, Be the first to tag this record!
|
MARC
| LEADER | 00000nam a2200000 i 4500 | ||
|---|---|---|---|
| 001 | 1/72118 | ||
| 008 | 980601q19801985 gre d | ||
| 035 | |l 10031149 | ||
| 040 | |a GR-MY-UA |b gre |e aacr | ||
| 041 | 0 | |a gre | |
| 082 | 0 | |a 839.82 | |
| 100 | 1 | |a Ibsen, Henrik |d 1828-1906. | |
| 245 | 1 | 0 | |a Εντα Γκάμπλερ : |b δράμα σε τέσσερις πράξεις / |c Ερρίκου Ιψεν ; μετάφραση, προλεγόμενα Λ. Κούκουλα |
| 260 | |a Αθήνα : |b Γκοβόστης, |c [198-] | ||
| 300 | |a 142 σ. | ||
| 600 | 1 | 0 | |a Ibsen Henrik |d 1828-1906. |
| 650 | 0 | 0 | |a Norwegian literature. |
| 700 | 1 | |a Κουκούλας, Λέων, |d 1894-1967. |4 trl | |
| 852 | |a INST |b RHODES |e 19980601 |h 839.82 IBS |p 005400006361 |q 005400006361 |t BK |y 0 | ||
| 901 | |a BIBL-1998-2 | ||
| 909 | |a Ρ |b 055187 |c 1998 | ||
| 922 | |a 4ΕΛΗ |b 199803 |c ΚΠΣ/Ν |d EMVASIS | ||